000 004810000a22001690004500
003 MACL
005 20151222132317.0
008 151222b xxu||||| |||| 00| 0 eng d
040 _aMACL
_cMACL
041 _aEnglish
082 _a900/WIL
100 _aWilliams, Neville
_921888
245 _aThe Changing World 1776-1900
_bThe Hutchinson Chronology of World History Vol 3
260 _bHelicon Publishing Ltd
_c1999
_aItaly
650 _aHistory
_921889
942 _cBK
_k900/WIL
_2ddc
999 _c39808
_d39808